000 00337nam a2200133Ia 4500
008 240116s9999 xx 000 0 und d
082 _a340.5491
_bPAK-T
100 _aPakistan law house
245 4 _aThe Zakat and Ushr Ordinance 1980
260 _aPakistan
_bPakistan law house
_c2020
300 _a323
650 _aLaw
999 _c35010
_d35010